The Land Registration Rules 2003 (Record no. 103100)
[ view plain ]
| 000 -LEADER | |
|---|---|
| fixed length control field | 00630cad a22001935a 4500 |
| 001 - CONTROL NUMBER | |
| control field | L123843 |
| 008 - FIXED-LENGTH DATA ELEMENTS--GENERAL INFORMATION | |
| fixed length control field | 031003s2003 xxk l 000 0 eng u |
| 020 ## - INTERNATIONAL STANDARD BOOK NUMBER | |
| International Standard Book Number | 0110469534 |
| 035 ## - SYSTEM CONTROL NUMBER | |
| System control number | (Sirsi) u123843 |
| 110 2# - MAIN ENTRY--CORPORATE NAME | |
| Corporate name or jurisdiction name as entry element | United Kingdom |
| Form subheading | Laws, etc. |
| 9 (RLIN) | 5044 |
| 245 04 - TITLE STATEMENT | |
| Title | The Land Registration Rules 2003 |
| Medium | [electronic resource] |
| 260 ## - PUBLICATION, DISTRIBUTION, ETC. | |
| Place of publication, distribution, etc. | London |
| Name of publisher, distributor, etc. | HMSO |
| Date of publication, distribution, etc. | 2003 |
| 490 ## - SERIES STATEMENT | |
| Series statement | SI |
| Volume/sequential designation | 2003:1417 |
| 650 24 - SUBJECT ADDED ENTRY--TOPICAL TERM | |
| Topical term or geographic name entry element | LAND REGISTRATION RULES 2003 |
| 651 #4 - SUBJECT ADDED ENTRY--GEOGRAPHIC NAME | |
| Geographic name | England and Wales |
| Chronological subdivision | 1543- |
| 690 ## - LOCAL SUBJECT ADDED ENTRY--TOPICAL TERM (OCLC, RLIN) | |
| Topical term or geographic name as entry element | Environment |
| 9 (RLIN) | 6238 |
| 856 ## - ELECTRONIC LOCATION AND ACCESS | |
| Uniform Resource Identifier | <a href="https://www.legislation.gov.uk/uksi/2003/1417/contents/made">https://www.legislation.gov.uk/uksi/2003/1417/contents/made</a> |
| Public note | Click to view at www.legislation.gov.uk |
| 942 ## - ADDED ENTRY ELEMENTS (KOHA) | |
| Suppress in OPAC | 0 |
| Withdrawn status | Lost status | Source of classification or shelving scheme | Damaged status | Not for loan | Home library | Current library | Shelving location | Date acquired | Total Checkouts | Full call number | Barcode | Date last seen | Copy number | Price effective from | Koha item type |
|---|---|---|---|---|---|---|---|---|---|---|---|---|---|---|---|
| Dewey Decimal Classification | Virtual | Virtual | Online | 03/10/2003 | ONLINE PUBLICATION | 123843-1001 | 06/08/2019 | 1 | 06/08/2019 | Book |